000
00337nam a2200133Ia 4500
008
240624s9999 xx 000 0 und d
041
_a
eng
082
_a
658.575 DEN
100
_a
DENKER FLORIAN
245
_a
CRUCIAL ROLE OF DOMAIN KNOWLEDGE IN EVAL
260
_c
2018
_b
Springer
300
_a
xxi, 249 p. ; 23 cm.
365
_c
ERU
_b
30
999
_c
31365
_d
31365